[Event "ABC 2024 Utrecht, Groep BCm"]
[Site "Utrecht."]
[Date "2024.03.09"]
[Round "2.2"]
[White "Rutten, Lenthe"]
[Black "Yildirim, Azra"]
[Result "1/2-1/2"]
[WhiteElo "1343"]
[BlackElo "1635"]

1. d4 {[%clk 00:55:18]} {[%emt 00:00:04]} d5 {[%clk 00:54:20]} {[%emt
00:00:59]} 2. c4 {[%clk 00:55:22]} {[%emt 00:00:08]} c6 {[%clk 00:53:43]}
{[%emt 00:00:45]} 3. Nc3 {[%clk 00:55:25]} {[%emt 00:00:06]} dxc4 {[%clk
00:52:55]} {[%emt 00:00:59]} 4. e4 {[%clk 00:55:13]} {[%emt 00:00:22]} Nf6
{[%clk 00:51:02]} {[%emt 00:02:05]} 5. Bxc4 {[%clk 00:54:23]} {[%emt 00:00:59]}
e6 {[%clk 00:49:37]} {[%emt 00:01:36]} 6. Nf3 {[%clk 00:53:21]} {[%emt
00:01:10]} Bb4 {[%clk 00:49:05]} {[%emt 00:00:42]} 7. Bg5 {[%clk 00:51:27]}
{[%emt 00:02:04]} Be7 {[%clk 00:45:24]} {[%emt 00:03:51]} 8. O-O {[%clk
00:49:11]} {[%emt 00:02:27]} b5 {[%clk 00:44:25]} {[%emt 00:01:10]} 9. Bxf6
{[%clk 00:46:30]} {[%emt 00:02:50]} Bxf6 {[%clk 00:44:02]} {[%emt 00:00:33]} 10.
Bb3 {[%clk 00:45:32]} {[%emt 00:01:08]} Nd7 {[%clk 00:40:46]} {[%emt 00:03:26]}
11. d5 {[%clk 00:44:32]} {[%emt 00:01:11]} cxd5 {[%clk 00:34:29]} {[%emt
00:06:27]} 12. exd5 {[%clk 00:44:28]} {[%emt 00:00:13]} Qb6 {[%clk 00:32:55]}
{[%emt 00:01:44]} 13. Qe2 {[%clk 00:42:26]} {[%emt 00:02:12]} Bxc3 {[%clk
00:28:42]} {[%emt 00:04:24]} 14. bxc3 {[%clk 00:40:48]} {[%emt 00:01:47]} Nc5
{[%clk 00:26:59]} {[%emt 00:01:53]} 15. Rfe1 {[%clk 00:38:43]} {[%emt
00:02:16]} O-O {[%clk 00:25:46]} {[%emt 00:01:22]} 16. c4 {[%clk 00:36:33]}
{[%emt 00:02:20]} exd5 {[%clk 00:21:00]} {[%emt 00:04:56]} 17. cxd5 {[%clk
00:36:24]} {[%emt 00:00:19]} Bb7 {[%clk 00:19:30]} {[%emt 00:01:40]} 18. Rad1
{[%clk 00:35:59]} {[%emt 00:00:35]} Nxb3 {[%clk 00:17:52]} {[%emt 00:01:47]} 19.
axb3 {[%clk 00:35:36]} {[%emt 00:00:34]} Rad8 {[%clk 00:17:18]} {[%emt
00:00:44]} 20. Qe4 {[%clk 00:33:51]} {[%emt 00:01:56]} h6 {[%clk 00:15:10]}
{[%emt 00:02:17]} 21. Re2 {[%clk 00:32:18]} {[%emt 00:01:42]} Qe6 {[%clk
00:12:54]} {[%emt 00:02:26]} 22. Qxe6 {[%clk 00:28:49]} {[%emt 00:03:40]} fxe6
{[%clk 00:12:25]} {[%emt 00:00:39]} 23. Rxe6 {[%clk 00:27:26]} {[%emt
00:01:33]} Bxd5 {[%clk 00:11:51]} {[%emt 00:00:44]} 24. Re3 {[%clk 00:26:07]}
{[%emt 00:01:29]} Bxb3 {[%clk 00:11:19]} {[%emt 00:00:42]} 25. Rb1 {[%clk
00:23:58]} {[%emt 00:02:19]} Rd1+ {[%clk 00:09:14]} {[%emt 00:02:15]} 26. Re1
{[%clk 00:22:57]} {[%emt 00:01:11]} Rxb1 {[%clk 00:08:22]} {[%emt 00:01:02]} 27.
Rxb1 {[%clk 00:22:57]} {[%emt 00:00:10]} Bc4 {[%clk 00:08:18]} {[%emt
00:00:14]} 28. Nd2 {[%clk 00:21:37]} {[%emt 00:01:30]} a5 {[%clk 00:07:51]}
{[%emt 00:00:37]} 29. g3 {[%clk 00:20:58]} {[%emt 00:00:49]} Rc8 {[%clk
00:05:07]} {[%emt 00:02:54]} 30. f4 {[%clk 00:20:22]} {[%emt 00:00:46]} Bd3
{[%clk 00:04:31]} {[%emt 00:00:46]} 31. Rb3 {[%clk 00:19:05]} {[%emt 00:01:27]}
Bc4 {[%clk 00:03:28]} {[%emt 00:01:14]} 32. Rc3 {[%clk 00:18:24]} {[%emt
00:00:51]} 1/2-1/2

[Event "ABC 2024 Utrecht, Groep BCm"]
[Site "Utrecht."]
[Date "2024.03.09"]
[Round "2.3"]
[White "Barbier, Sarah"]
[Black "Barbier, Emma"]
[Result "0-1"]
[WhiteElo "1429"]
[BlackElo "1464"]

1. e4 {[%clk 00:55:20]} {[%emt 00:00:34]} e5 {[%clk 00:55:20]} {[%emt
00:00:03]} 2. Nf3 {[%clk 00:55:14]} {[%emt 00:00:15]} Nc6 {[%clk 00:55:23]}
{[%emt 00:00:07]} 3. Bb5 {[%clk 00:54:46]} {[%emt 00:00:37]} a6 {[%clk
00:55:23]} {[%emt 00:00:09]} 4. Ba4 {[%clk 00:54:40]} {[%emt 00:00:16]} Nf6
{[%clk 00:55:25]} {[%emt 00:00:10]} 5. d3 {[%clk 00:54:29]} {[%emt 00:00:19]}
d6 {[%clk 00:55:10]} {[%emt 00:00:24]} 6. Bg5 {[%clk 00:54:19]} {[%emt
00:00:19]} Bg4 {[%clk 00:55:16]} {[%emt 00:00:06]} 7. Nbd2 {[%clk 00:54:02]}
{[%emt 00:00:26]} Be7 {[%clk 00:55:10]} {[%emt 00:00:18]} 8. c3 {[%clk
00:53:45]} {[%emt 00:00:25]} O-O {[%clk 00:54:33]} {[%emt 00:00:50]} 9. Qb3
{[%clk 00:53:24]} {[%emt 00:00:30]} Rb8 {[%clk 00:54:09]} {[%emt 00:00:36]} 10.
d4 {[%clk 00:52:00]} {[%emt 00:01:31]} b5 {[%clk 00:53:59]} {[%emt 00:00:21]}
11. Bxf6 {[%clk 00:51:05]} {[%emt 00:01:05]} Bxf6 {[%clk 00:52:05]} {[%emt
00:02:05]} 12. Qd5 {[%clk 00:50:59]} {[%emt 00:00:15]} Ne7 {[%clk 00:52:10]}
{[%emt 00:00:08]} 13. Qb3 {[%clk 00:48:41]} {[%emt 00:02:24]} Qd7 {[%clk
00:50:55]} {[%emt 00:01:28]} 14. dxe5 {[%clk 00:46:46]} {[%emt 00:02:04]} bxa4
{[%clk 00:50:39]} {[%emt 00:00:26]} 15. Qc4 {[%clk 00:46:31]} {[%emt 00:00:23]}
Bxe5 {[%clk 00:50:14]} {[%emt 00:00:37]} 16. Qd3 {[%clk 00:44:43]} {[%emt
00:01:59]} Rxb2 {[%clk 00:49:08]} {[%emt 00:01:16]} 17. h3 {[%clk 00:44:09]}
{[%emt 00:00:44]} Bxf3 {[%clk 00:48:17]} {[%emt 00:01:00]} 18. Nxf3 {[%clk
00:43:48]} {[%emt 00:00:30]} Qc6 {[%clk 00:47:51]} {[%emt 00:00:34]} 19. Nxe5
{[%clk 00:43:34]} {[%emt 00:00:28]} dxe5 {[%clk 00:47:46]} {[%emt 00:00:15]} 20.
O-O {[%clk 00:43:36]} {[%emt 00:00:07]} Ng6 {[%clk 00:46:54]} {[%emt 00:01:02]}
21. g3 {[%clk 00:43:17]} {[%emt 00:00:29]} a5 {[%clk 00:45:22]} {[%emt
00:01:43]} 22. Rad1 {[%clk 00:43:01]} {[%emt 00:00:25]} Rxa2 {[%clk 00:45:14]}
{[%emt 00:00:18]} 23. h4 {[%clk 00:43:04]} {[%emt 00:00:07]} h6 {[%clk
00:45:07]} {[%emt 00:00:17]} 24. Rb1 {[%clk 00:42:27]} {[%emt 00:00:46]} Ra3
{[%clk 00:44:52]} {[%emt 00:00:26]} 25. Rfd1 {[%clk 00:41:59]} {[%emt
00:00:39]} Rxc3 {[%clk 00:44:38]} {[%emt 00:00:24]} 26. Qe2 {[%clk 00:41:28]}
{[%emt 00:00:33]} a3 {[%clk 00:44:16]} {[%emt 00:00:40]} 0-1

[Event "ABC 2024 Utrecht, Groep BCm"]
[Site "Utrecht."]
[Date "2024.03.09"]
[Round "2.4"]
[White "Vermeulen, Ilona"]
[Black "Oostinga, Elisa"]
[Result "0-1"]
[WhiteElo "1486"]
[BlackElo "1766"]

1. e4 {[%clk 00:55:19]} {[%emt 00:00:01]} c6 {[%clk 00:55:16]} {[%emt
00:00:05]} 2. d4 {[%clk 00:55:21]} {[%emt 00:00:07]} d5 {[%clk 00:55:20]}
{[%emt 00:00:04]} 3. Nc3 {[%clk 00:55:20]} {[%emt 00:00:12]} dxe4 {[%clk
00:55:24]} {[%emt 00:00:06]} 4. Nxe4 {[%clk 00:55:17]} {[%emt 00:00:15]} Bf5
{[%clk 00:55:25]} {[%emt 00:00:07]} 5. Nc3 {[%clk 00:54:55]} {[%emt 00:00:32]}
Nf6 {[%clk 00:55:10]} {[%emt 00:00:26]} 6. Nf3 {[%clk 00:54:44]} {[%emt
00:00:19]} e6 {[%clk 00:55:05]} {[%emt 00:00:15]} 7. Bd3 {[%clk 00:54:29]}
{[%emt 00:00:25]} Bxd3 {[%clk 00:54:10]} {[%emt 00:01:05]} 8. Qxd3 {[%clk
00:54:11]} {[%emt 00:00:27]} Bd6 {[%clk 00:52:21]} {[%emt 00:02:00]} 9. Ne5
{[%clk 00:52:13]} {[%emt 00:02:07]} Nbd7 {[%clk 00:50:55]} {[%emt 00:01:35]} 10.
Nxd7 {[%clk 00:49:52]} {[%emt 00:02:32]} Qxd7 {[%clk 00:50:53]} {[%emt
00:00:12]} 11. Ne4 {[%clk 00:49:28]} {[%emt 00:00:35]} Nxe4 {[%clk 00:44:01]}
{[%emt 00:07:01]} 12. Qxe4 {[%clk 00:49:07]} {[%emt 00:00:31]} O-O-O {[%clk
00:35:57]} {[%emt 00:08:14]} 13. c3 {[%clk 00:48:44]} {[%emt 00:00:35]} f5
{[%clk 00:35:23]} {[%emt 00:00:43]} 14. Qe2 {[%clk 00:47:39]} {[%emt 00:01:14]}
h6 {[%clk 00:34:58]} {[%emt 00:00:36]} 15. g3 {[%clk 00:47:10]} {[%emt
00:00:39]} g5 {[%clk 00:34:46]} {[%emt 00:00:22]} 16. f4 {[%clk 00:46:44]}
{[%emt 00:00:36]} Rhg8 {[%clk 00:34:12]} {[%emt 00:00:43]} 17. Qh5 {[%clk
00:43:53]} {[%emt 00:02:54]} gxf4 {[%clk 00:34:01]} {[%emt 00:00:28]} 18. Bxf4
{[%clk 00:43:41]} {[%emt 00:00:23]} Bxf4 {[%clk 00:32:03]} {[%emt 00:02:08]} 19.
gxf4 {[%clk 00:43:41]} {[%emt 00:00:10]} Qd5 {[%clk 00:31:30]} {[%emt
00:00:41]} 20. Rf1 {[%clk 00:41:23]} {[%emt 00:02:29]} Rg2 {[%clk 00:31:12]}
{[%emt 00:00:28]} 21. Rf2 {[%clk 00:40:13]} {[%emt 00:01:21]} Rg1+ {[%clk
00:28:17]} {[%emt 00:03:05]} 22. Rf1 {[%clk 00:40:02]} {[%emt 00:00:21]} Rxf1+
{[%clk 00:23:30]} {[%emt 00:04:57]} 23. Kxf1 {[%clk 00:39:42]} {[%emt
00:00:30]} Qh1+ {[%clk 00:23:32]} {[%emt 00:00:07]} 24. Kf2 {[%clk 00:39:32]}
{[%emt 00:00:21]} Qxa1 {[%clk 00:23:30]} {[%emt 00:00:11]} 25. Qe2 {[%clk
00:39:34]} {[%emt 00:00:08]} Qxa2 {[%clk 00:23:19]} {[%emt 00:00:21]} 26. Kg3
{[%clk 00:39:10]} {[%emt 00:00:34]} Qd5 {[%clk 00:23:15]} {[%emt 00:00:14]} 27.
Kh4 {[%clk 00:38:49]} {[%emt 00:00:32]} Rg8 {[%clk 00:23:10]} {[%emt 00:00:15]}
28. Kh5 {[%clk 00:38:35]} {[%emt 00:00:22]} Kd7 {[%clk 00:21:04]} {[%emt
00:02:17]} 29. Kxh6 {[%clk 00:37:36]} {[%emt 00:01:10]} Qd6 {[%clk 00:19:22]}
{[%emt 00:01:50]} 30. Kh5 {[%clk 00:36:29]} {[%emt 00:01:19]} Qxf4 {[%clk
00:19:02]} {[%emt 00:00:30]} 31. h4 {[%clk 00:35:44]} {[%emt 00:00:54]} Rh8+
{[%clk 00:18:39]} {[%emt 00:00:34]} 32. Kg6 {[%clk 00:35:36]} {[%emt 00:00:18]}
Qh6+ {[%clk 00:18:33]} {[%emt 00:00:14]} 33. Kf7 {[%clk 00:35:04]} {[%emt
00:00:44]} Rh7 {[%clk 00:18:32]} {[%emt 00:00:11]} 34. Kg8 {[%clk 00:34:42]}
{[%emt 00:00:19]} 0-1

[Event "ABC 2024 Utrecht, Groep BCm"]
[Site "Utrecht."]
[Date "2024.03.09"]
[Round "2.5"]
[White "Zhang, Jinchen"]
[Black "Leenen, Pomme"]
[Result "1/2-1/2"]
[WhiteElo "1761"]
[BlackElo "1127"]

1. e4 {[%clk 00:55:18]} {[%emt 00:00:01]} e5 {[%emt 00:00:04]} 2. Nf3 {[%clk
00:55:20]} {[%emt 00:00:06]} Nc6 {[%clk 00:55:18]} {[%emt 00:00:10]} 3. Bc4
{[%clk 00:55:22]} {[%emt 00:00:08]} Bc5 {[%clk 00:55:24]} {[%emt 00:00:05]} 4.
d3 {[%clk 00:55:04]} {[%emt 00:00:29]} h6 {[%clk 00:55:16]} {[%emt 00:00:11]} 5.
Nc3 {[%clk 00:54:32]} {[%emt 00:00:47]} Nf6 {[%clk 00:55:08]} {[%emt 00:00:17]}
6. Be3 {[%clk 00:53:42]} {[%emt 00:00:58]} Bb6 {[%clk 00:55:00]} {[%emt
00:00:21]} 7. O-O {[%clk 00:52:57]} {[%emt 00:00:55]} O-O {[%clk 00:55:03]}
{[%emt 00:00:07]} 8. d4 {[%clk 00:52:15]} {[%emt 00:00:51]} d6 {[%clk
00:54:39]} {[%emt 00:00:35]} 9. Bb5 {[%clk 00:50:45]} {[%emt 00:01:39]} Bd7
{[%clk 00:53:47]} {[%emt 00:00:35]} 10. Qd3 {[%clk 00:49:22]} {[%emt 00:01:59]}
a6 {[%clk 00:53:39]} {[%emt 00:00:20]} 11. Bxc6 {[%clk 00:48:27]} {[%emt
00:01:05]} Bxc6 {[%clk 00:53:36]} {[%emt 00:00:14]} 12. dxe5 {[%clk 00:47:41]}
{[%emt 00:00:54]} dxe5 {[%clk 00:52:54]} {[%emt 00:00:16]} 13. Bxb6 {[%clk
00:47:13]} {[%emt 00:01:15]} cxb6 {[%clk 00:52:29]} {[%emt 00:00:17]} 14. Rfe1
{[%clk 00:47:02]} {[%emt 00:00:36]} Qc7 {[%clk 00:52:24]} {[%emt 00:00:17]} 15.
Nh4 {[%clk 00:45:43]} {[%emt 00:01:28]} Nh5 {[%clk 00:52:15]} {[%emt 00:00:19]}
16. Nf5 {[%clk 00:45:21]} {[%emt 00:00:32]} Rad8 {[%clk 00:51:45]} {[%emt
00:00:41]} 17. Qf3 {[%clk 00:44:51]} {[%emt 00:00:36]} Nf6 {[%clk 00:51:22]}
{[%emt 00:00:35]} 18. Qg3 {[%emt 00:00:40]} Nh5 {[%clk 00:51:16]} 19. Qg4
{[%clk 00:42:46]} {[%emt 00:02:01]} g6 {[%clk 00:51:03]} {[%emt 00:00:24]} 20.
Ng3 {[%clk 00:41:01]} {[%emt 00:01:49]} Nxg3 {[%clk 00:50:45]} {[%emt
00:00:33]} 21. Qxg3 {[%clk 00:41:01]} {[%emt 00:00:10]} Kh7 {[%clk 00:50:19]}
{[%emt 00:00:37]} 22. Rad1 {[%clk 00:39:48]} {[%emt 00:01:23]} Qe7 {[%clk
00:49:38]} {[%emt 00:00:50]} 23. f3 {[%clk 00:37:38]} {[%emt 00:02:21]} Qc5+
{[%clk 00:49:11]} {[%emt 00:00:38]} 24. Kh1 {[%clk 00:37:29]} {[%emt 00:00:17]}
Qe7 {[%emt 00:00:30]} 25. Rd3 {[%clk 00:36:52]} {[%emt 00:00:45]} Rd7 {[%clk
00:48:13]} {[%emt 00:00:51]} 26. Nd1 {[%clk 00:36:35]} {[%emt 00:00:27]} Bb5
{[%clk 00:47:54]} {[%emt 00:00:28]} 27. Rxd7 {[%clk 00:36:32]} {[%emt
00:00:14]} Bxd7 {[%clk 00:47:32]} {[%emt 00:00:32]} 28. Nf2 {[%clk 00:36:18]}
{[%emt 00:00:24]} Rh8 {[%clk 00:47:08]} {[%emt 00:00:32]} 29. Rd1 {[%clk
00:35:58]} {[%emt 00:00:32]} Be6 {[%clk 00:46:57]} {[%emt 00:00:22]} 30. a3
{[%clk 00:35:32]} {[%emt 00:00:36]} Bc8 {[%clk 00:46:41]} {[%emt 00:00:25]} 31.
Rd5 {[%clk 00:34:35]} {[%emt 00:01:06]} Re8 {[%clk 00:46:04]} {[%emt 00:00:49]}
32. h3 {[%clk 00:33:05]} {[%emt 00:01:39]} Qg5 {[%clk 00:45:15]} {[%emt
00:00:59]} 33. Qxg5 {[%clk 00:32:47]} {[%emt 00:00:28]} hxg5 {[%clk 00:45:19]}
{[%emt 00:00:06]} 34. Ng4 {[%clk 00:32:13]} {[%emt 00:00:43]} Bxg4 {[%clk
00:45:05]} {[%emt 00:00:25]} 35. hxg4 {[%clk 00:32:04]} {[%emt 00:00:19]} f6
{[%clk 00:44:45]} {[%emt 00:00:30]} 36. b4 {[%clk 00:31:58]} {[%emt 00:00:16]}
Rc8 {[%clk 00:43:40]} {[%emt 00:01:15]} 37. Rd2 {[%clk 00:31:31]} {[%emt
00:00:38]} Kg7 {[%clk 00:43:14]} {[%emt 00:00:36]} 38. Kg1 {[%clk 00:31:17]}
{[%emt 00:00:23]} a5 {[%clk 00:43:10]} {[%emt 00:00:15]} 39. Kf2 {[%clk
00:31:05]} {[%emt 00:00:22]} axb4 {[%clk 00:43:07]} {[%emt 00:00:13]} 40. axb4
{[%clk 00:30:49]} {[%emt 00:00:25]} b5 {[%clk 00:43:06]} {[%emt 00:00:11]} 41.
Rd7+ {[%clk 00:30:10]} {[%emt 00:00:50]} Kh6 {[%clk 00:42:30]} {[%emt
00:00:46]} 42. Rxb7 {[%clk 00:29:57]} {[%emt 00:00:22]} Rxc2+ {[%clk 00:42:30]}
{[%emt 00:00:10]} 43. Kg3 {[%clk 00:30:02]} {[%emt 00:00:05]} Rb2 {[%clk
00:42:01]} {[%emt 00:00:40]} 44. Rxb5 {[%clk 00:30:01]} {[%emt 00:00:11]} Kg7
{[%clk 00:41:31]} {[%emt 00:00:38]} 45. Rb7+ {[%clk 00:29:56]} {[%emt
00:00:17]} Kf8 {[%clk 00:41:16]} {[%emt 00:00:24]} 46. b5 {[%clk 00:29:46]}
{[%emt 00:00:20]} Ke8 {[%clk 00:41:15]} {[%emt 00:00:12]} 47. b6 {[%clk
00:29:40]} {[%emt 00:00:16]} Kd8 {[%clk 00:41:06]} {[%emt 00:00:19]} 48. Rb8+
{[%clk 00:29:34]} {[%emt 00:00:16]} Kd7 {[%clk 00:40:59]} {[%emt 00:00:17]} 49.
Rg8 {[%clk 00:29:19]} {[%emt 00:00:24]} Rxb6 {[%clk 00:40:35]} {[%emt
00:00:34]} 50. Rxg6 {[%clk 00:29:25]} {[%emt 00:00:05]} Ke7 {[%clk 00:40:18]}
{[%emt 00:00:26]} 51. Rg7+ {[%clk 00:29:14]} {[%emt 00:00:21]} Ke6 {[%clk
00:40:03]} {[%emt 00:00:24]} 52. Rc7 {[%clk 00:28:49]} {[%emt 00:00:36]} Ra6
{[%clk 00:39:35]} {[%emt 00:00:36]} 53. Rc2 {[%clk 00:28:51]} {[%emt 00:00:08]}
Ra3 {[%clk 00:39:17]} {[%emt 00:00:30]} 54. Rf2 {[%clk 00:28:52]} {[%emt
00:00:09]} Kf7 {[%clk 00:39:05]} {[%emt 00:00:22]} 55. Kh2 {[%clk 00:28:43]}
{[%emt 00:00:19]} Re3 {[%clk 00:38:46]} {[%emt 00:00:25]} 56. g3 {[%clk
00:28:18]} {[%emt 00:00:39]} Ke6 {[%clk 00:38:29]} {[%emt 00:00:27]} 57. Kg2
{[%clk 00:28:24]} {[%emt 00:00:05]} Kd6 {[%clk 00:37:08]} {[%emt 00:01:30]} 58.
Kf1 {[%clk 00:28:27]} {[%emt 00:00:07]} Ke6 {[%clk 00:36:40]} {[%emt 00:00:36]}
59. Re2 {[%clk 00:28:33]} {[%emt 00:00:06]} Rxf3+ {[%clk 00:36:02]} {[%emt
00:00:48]} 60. Kg2 {[%clk 00:28:34]} {[%emt 00:00:09]} 1/2-1/2

[Event "ABC 2024 Utrecht, Groep BCm"]
[Site "Utrecht."]
[Date "2024.03.09"]
[Round "3.1"]
[White "Barbier, Emma"]
[Black "Kulikova, Polina"]
[Result "0-1"]
[WhiteElo "1464"]
[BlackElo "1791"]

1. e4 {[%clk 00:55:19]} {[%emt 00:00:01]} c6 {[%clk 00:55:19]} {[%emt
00:00:02]} 2. Nc3 {[%clk 00:55:20]} {[%emt 00:00:08]} d5 {[%clk 00:55:18]}
{[%emt 00:00:10]} 3. d3 {[%clk 00:55:11]} {[%emt 00:00:20]} dxe4 {[%clk
00:54:26]} {[%emt 00:01:02]} 4. Nxe4 {[%clk 00:55:15]} {[%emt 00:00:07]} Bf5
{[%clk 00:53:35]} {[%emt 00:00:59]} 5. Ng3 {[%clk 00:55:21]} {[%emt 00:00:03]}
Bg6 {[%clk 00:53:28]} {[%emt 00:00:18]} 6. Nf3 {[%clk 00:55:22]} {[%emt
00:00:10]} Nf6 {[%clk 00:53:06]} {[%emt 00:00:30]} 7. d4 {[%clk 00:54:57]}
{[%emt 00:00:36]} e6 {[%clk 00:52:45]} {[%emt 00:00:31]} 8. c3 {[%clk
00:54:58]} {[%emt 00:00:10]} c5 {[%clk 00:51:35]} {[%emt 00:01:20]} 9. Bb5+
{[%clk 00:53:36]} {[%emt 00:01:32]} Nbd7 {[%clk 00:50:38]} {[%emt 00:01:07]} 10.
dxc5 {[%clk 00:51:41]} {[%emt 00:02:05]} Bxc5 {[%clk 00:49:51]} {[%emt
00:00:56]} 11. Ne5 {[%clk 00:51:13]} {[%emt 00:00:39]} Bxf2+ {[%clk 00:46:00]}
{[%emt 00:04:01]} 12. Kxf2 {[%clk 00:49:20]} {[%emt 00:02:03]} Qb6+ {[%clk
00:45:52]} {[%emt 00:00:16]} 13. Qd4 {[%clk 00:49:18]} {[%emt 00:00:12]} Qxb5
{[%clk 00:45:49]} {[%emt 00:00:14]} 14. Nxd7 {[%clk 00:48:39]} {[%emt
00:00:50]} Qxd7 {[%clk 00:45:40]} {[%emt 00:00:18]} 15. Qb4 {[%clk 00:47:32]}
{[%emt 00:01:15]} Nd5 {[%clk 00:32:51]} {[%emt 00:13:02]} 16. Qd4 {[%clk
00:46:29]} {[%emt 00:01:12]} O-O {[%clk 00:32:10]} {[%emt 00:00:52]} 17. Rd1
{[%clk 00:45:31]} {[%emt 00:01:08]} Qc6 {[%clk 00:28:43]} {[%emt 00:03:36]} 18.
Kf1 {[%clk 00:44:17]} {[%emt 00:01:25]} Nf6 {[%clk 00:26:51]} {[%emt 00:02:01]}
19. Qe5 {[%clk 00:42:43]} {[%emt 00:01:45]} Qc4+ {[%clk 00:15:58]} {[%emt
00:11:01]} 20. Kg1 {[%clk 00:42:26]} {[%emt 00:00:29]} Rfd8 {[%clk 00:13:32]}
{[%emt 00:02:36]} 21. Bg5 {[%clk 00:42:12]} {[%emt 00:00:24]} Ng4 {[%clk
00:09:01]} {[%emt 00:04:40]} 22. Rxd8+ {[%clk 00:40:51]} {[%emt 00:01:31]} Rxd8
{[%clk 00:09:03]} {[%emt 00:00:10]} 23. Bxd8 {[%clk 00:39:03]} {[%emt
00:01:57]} Nxe5 {[%clk 00:08:57]} {[%emt 00:00:16]} 24. Bg5 {[%clk 00:37:59]}
{[%emt 00:01:14]} Nc6 {[%clk 00:08:47]} {[%emt 00:00:19]} 25. b3 {[%clk
00:37:47]} {[%emt 00:00:23]} Qc5+ {[%clk 00:08:48]} {[%emt 00:00:09]} 26. Kh1
{[%clk 00:37:45]} {[%emt 00:00:11]} Qxg5 {[%clk 00:08:44]} {[%emt 00:00:34]}
0-1